The Oxford first atlas (ages 7-9). (Record no. 103350)
[ view plain ]
| 000 -LEADER | |
|---|---|
| fixed length control field | 00502nam a2200169 a 4500 |
| 005 - DATE AND TIME OF LATEST TRANSACTION | |
| control field | 20140412111300.0 |
| 008 - FIXED-LENGTH DATA ELEMENTS--GENERAL INFORMATION | |
| fixed length control field | 000904s19uu xx 00 eng d |
| 020 ## - INTERNATIONAL STANDARD BOOK NUMBER | |
| International Standard Book Number | 0-19-831794-8 |
| 050 ## - LIBRARY OF CONGRESS CALL NUMBER | |
| Classification number | REF 912 |
| Item number | O93 1996 |
| 245 ## - TITLE STATEMENT | |
| Title | The Oxford first atlas (ages 7-9). |
| 260 ## - PUBLICATION, DISTRIBUTION, ETC. (IMPRINT) | |
| Place of publication, distribution, etc | Oxford : |
| Name of publisher, distributor, etc | Oxford University Press, |
| Date of publication, distribution, etc | 1996. |
| 300 ## - PHYSICAL DESCRIPTION | |
| Extent | 48 p. |
| 500 ## - GENERAL NOTE | |
| General note | Includes index |
| 520 ## - SUMMARY, ETC. | |
| Summary, etc | The Oxford First Atlas is a bright and informative atlas for 7-9 years olds. |
| 650 ## - SUBJECT ADDED ENTRY--TOPICAL TERM | |
| Topical term or geographic name as entry element | Atlas |
| Withdrawn status | Lost status | Damaged status | Home library | Current library | Shelving location | Date acquired | Source of acquisition | Total Checkouts | Full call number | Barcode | Date last seen | Price effective from | Koha item type |
|---|---|---|---|---|---|---|---|---|---|---|---|---|---|
| Elizalde Library | Elizalde Library | Reference Section | 09/04/2000 | REF 912 O93 1996 | E4564 | 04/12/2014 | 04/12/2014 | Books |